[Event "8MCR_4D_1L_2S"]
[Site "?"]
[Date "2008.??.??"]
[Round "?"]
[White "Kudr, Roman"]
[Black "Krouzel, Jaroslav"]
[Result "1/2-1/2"]
[WhiteElo "2182"]
[BlackElo "2270"]
[PlyCount "45"]
[EventDate "2008.??.??"]
[EventType "corr"]

1. d4 d5 2. c4 e6 3. Nc3 c6 4. e3 Nf6 5. Nf3 Nbd7 6. Bd3 Bd6 7. e4 dxe4 8. Nxe4
Nxe4 9. Bxe4 Nf6 10. Bc2 Bb4+ 11. Bd2 Qa5 12. O-O Bxd2 13. Nxd2 O-O 14. Qe2 Rd8
15. Ne4 Nxe4 16. Qxe4 g6 17. Rfd1 Qc7 18. Qe5 Rd7 19. Be4 b6 20. Qxc7 Rxc7 21.
f4 Bb7 22. Kf2 c5 23. Bf3 1/2-1/2

[Event "8MCR_4D_1L_2S"]
[Site "?"]
[Date "2008.??.??"]
[Round "?"]
[White "Kudr, Roman"]
[Black "Leiner, Raimund"]
[Result "1/2-1/2"]
[WhiteElo "2182"]
[BlackElo "2335"]
[PlyCount "86"]
[EventDate "2008.??.??"]
[EventType "corr"]

1. d4 Nf6 2. c4 g6 3. Nc3 Bg7 4. e4 d6 5. Nf3 O-O 6. Be2 e5 7. O-O Nc6 8. d5
Ne7 9. b4 a5 10. b5 b6 11. Be3 h6 12. Qc1 Kh7 13. Qc2 Nh5 14. Rae1 f5 15. exf5
Bxf5 16. Bd3 Bxd3 17. Qxd3 Rxf3 18. gxf3 Qd7 19. Kh1 Qh3 20. Bc1 Rf8 21. Rg1
Rxf3 22. Re3 e4 23. Nxe4 Be5 24. Rg2 Nf4 25. Qf1 Nxg2 26. Qxg2 Rxe3 27. Bxe3
Qh5 28. f3 Nf5 29. Bf2 g5 30. h3 Kg7 31. Kg1 Qg6 32. Kf1 Bf4 33. Qg1 Qe8 34.
Kg2 Qh5 35. Qd1 Be5 36. Qd3 Qf7 37. Be1 Ne7 38. Bd2 Ng6 39. Ng3 Nh4+ 40. Kf2
Qd7 41. Nh5+ Kf8 42. f4 Qf7 43. Qe4 a4 1/2-1/2

[Event "8MCR_4D_1L_2S"]
[Site "?"]
[Date "2008.??.??"]
[Round "?"]
[White "Kudr, Roman"]
[Black "Paulik, Vaclav"]
[Result "1-0"]
[WhiteElo "2182"]
[BlackElo "2160"]
[PlyCount "61"]
[EventDate "2008.??.??"]
[EventType "corr"]

1. d4 Nf6 2. c4 e6 3. Nf3 b6 4. a3 Bb7 5. Nc3 Be7 6. d5 d6 7. e4 Nbd7 8. Nd4
Nc5 9. Qc2 a5 10. b3 Qd7 11. Be2 O-O 12. O-O e5 13. Nf5 Bd8 14. f4 a4 15. bxa4
exf4 16. Bxf4 Re8 17. Be3 h5 18. Rf4 g6 19. Nh6+ Kg7 20. Raf1 Kxh6 21. Rxf6+
Kg7 22. Rxf7+ Qxf7 23. Rxf7+ Kxf7 24. Bd3 Nd7 25. Nb5 Ba6 26. Bd4 Bxb5 27. e5
Nxe5 28. Bxg6+ Kg7 29. cxb5 Rf8 30. Bxh5 Bf6 31. Qxc7+ 1-0

[Event "8MCR_4D_1L_2S"]
[Site "?"]
[Date "2008.??.??"]
[Round "?"]
[White "Kudr, Roman"]
[Black "Riha, Jan"]
[Result "1/2-1/2"]
[WhiteElo "2182"]
[BlackElo "2266"]
[PlyCount "52"]
[EventDate "2008.??.??"]
[EventType "corr"]

1. d4 Nf6 2. c4 e6 3. Nf3 b6 4. a3 Bb7 5. Nc3 d5 6. cxd5 Nxd5 7. e3 g6 8. Bb5+
c6 9. Bd3 Bg7 10. e4 Nxc3 11. bxc3 c5 12. Bg5 Qd6 13. O-O O-O 14. e5 Qd7 15.
Rc1 cxd4 16. cxd4 Nc6 17. Be4 Ne7 18. Bxb7 Qxb7 19. Qd3 Nd5 20. Nd2 Rac8 21.
Ne4 Rxc1 22. Rxc1 Rc8 23. Rxc8+ Qxc8 24. h4 h6 25. Bd2 Qc7 26. g3 Qc6 1/2-1/2

[Event "8MCR_4D_1L_2S"]
[Site "?"]
[Date "2008.??.??"]
[Round "?"]
[White "Kudr, Roman"]
[Black "Stika, Vaclav"]
[Result "1-0"]
[WhiteElo "2182"]
[BlackElo "2113"]
[PlyCount "83"]
[EventDate "2008.??.??"]
[EventType "corr"]

1. d4 d5 2. c4 c6 3. Nf3 Nf6 4. e3 Bf5 5. Nc3 e6 6. Bd3 Bxd3 7. Qxd3 Nbd7 8.
O-O Bb4 9. Bd2 a5 10. a3 Be7 11. Rfe1 O-O 12. e4 dxe4 13. Nxe4 Nxe4 14. Qxe4
Nf6 15. Qe2 Qc7 16. a4 Rfd8 17. Bc3 Qf4 18. Qc2 c5 19. d5 Qxc4 20. dxe6 fxe6
21. Re3 Ra6 22. Ne5 Qf4 23. Rae1 Bd6 24. Rd3 Re8 25. Qd1 Bc7 26. g3 Qg5 27. Nd7
Qg6 28. Bxf6 gxf6 29. Nxc5 Rc6 30. Nxb7 e5 31. Rd5 Rc8 32. Rd7 Rc2 33. Re2 Rxe2
34. Qxe2 Bb6 35. Qf3 Rc1+ 36. Kg2 Rc2 37. Nc5 Rxf2+ 38. Qxf2 Bxc5 39. Qe2 Kh8
40. Qc4 Bf8 41. Rf7 Qg8 42. Qe6 1-0

[Event "8MCR_4D_1L_2S"]
[Site "?"]
[Date "2008.??.??"]
[Round "?"]
[White "Kuta, Miroslav"]
[Black "Hostinsky, Jiri"]
[Result "1/2-1/2"]
[WhiteElo "2286"]
[BlackElo "2377"]
[PlyCount "62"]
[EventDate "2008.??.??"]
[EventType "corr"]

1. d4 Nf6 2. c4 g6 3. Nc3 Bg7 4. e4 d6 5. f3 O-O 6. Be3 Nc6 7. Nge2 a6 8. Qd2
Rb8 9. h4 h5 10. Nc1 e5 11. d5 Nd4 12. Nb3 c5 13. dxc6 bxc6 14. Nxd4 exd4 15.
Bxd4 Re8 16. Rd1 d5 17. cxd5 cxd5 18. e5 Nd7 19. f4 Bh6 20. Qf2 f6 21. Nxd5
Nxe5 22. Nxf6+ Qxf6 23. fxe5 Rxe5+ 24. Be2 Qe7 25. Bxe5 Qxe5 26. Rd8+ Kh7 27.
Qd4 Qg3+ 28. Kf1 Bg7 29. Qd6 Be5 30. Qe7+ Bg7 31. Qd6 Be5 1/2-1/2

[Event "8MCR_4D_1L_2S"]
[Site "?"]
[Date "2008.??.??"]
[Round "?"]
[White "Kuta, Miroslav"]
[Black "Kudr, Roman"]
[Result "1/2-1/2"]
[WhiteElo "2286"]
[BlackElo "2182"]
[PlyCount "56"]
[EventDate "2008.??.??"]
[EventType "corr"]

1. d4 Nf6 2. c4 g6 3. Nc3 Bg7 4. e4 d6 5. f3 O-O 6. Be3 Nc6 7. Nge2 a6 8. Qd2
Rb8 9. h4 h5 10. Nc1 e5 11. d5 Nd4 12. Nb3 Nxb3 13. axb3 c5 14. Be2 Bd7 15. Nd1
Qb6 16. Nf2 Qxb3 17. Nd3 Rfc8 18. O-O Be8 19. Ra3 Qb6 20. b4 Nd7 21. bxc5 Nxc5
22. Nxc5 dxc5 23. Qa2 Qd6 24. Rb1 Bf6 25. g3 Bd8 26. Bd2 Bd7 27. Rbb3 Bc7 28.
Qb2 b5 1/2-1/2

[Event "8MCR_4D_1L_2S"]
[Site "?"]
[Date "2008.??.??"]
[Round "?"]
[White "Kuta, Miroslav"]
[Black "Mikoska, Josef"]
[Result "1/2-1/2"]
[WhiteElo "2286"]
[BlackElo "2211"]
[PlyCount "117"]
[EventDate "2008.??.??"]
[EventType "corr"]

1. d4 Nf6 2. c4 g6 3. Nc3 d5 4. cxd5 Nxd5 5. e4 Nxc3 6. bxc3 Bg7 7. Nf3 c5 8.
Rb1 O-O 9. Be2 cxd4 10. cxd4 Qa5+ 11. Qd2 Qxd2+ 12. Bxd2 b6 13. O-O Bb7 14. d5
Rc8 15. Rfc1 Nd7 16. Bb4 Kf8 17. Bb5 Nf6 18. Re1 a6 19. Bd3 Nd7 20. a4 a5 21.
Bd2 Nc5 22. Bc2 e6 23. dxe6 Nxe6 24. Bd1 Nc5 25. Rxb6 Bc6 26. e5 Bxa4 27. Bxa4
Nxa4 28. Rb3 Nc5 29. Rc3 Nb7 30. Rxc8+ Rxc8 31. Rb1 Rc7 32. Rb6 a4 33. Ra6 Nc5
34. Ra5 Nd3 35. Kf1 Rc8 36. e6 fxe6 37. Rxa4 h6 38. Ke2 Nc1+ 39. Ke3 Rc7 40.
Nd4 Ke7 41. h4 Bf6 42. g3 Bxd4+ 43. Rxd4 Nb3 44. Bb4+ Kf6 45. Rf4+ Ke5 46. Rf8
Rc4 47. f4+ Kd5 48. Rd8+ Kc6 49. Be1 Nc5 50. Rg8 Re4+ 51. Kd2 Nb3+ 52. Kd1 Kd5
53. Rxg6 Rc4 54. Ke2 Rc1 55. Bf2 Rc2+ 56. Kf3 Nd2+ 57. Kg4 Ne4 58. Bb6 Rc3 59.
Kh3 1/2-1/2

[Event "8MCR_4D_1L_2S"]
[Site "?"]
[Date "2008.??.??"]
[Round "?"]
[White "Kuta, Miroslav"]
[Black "Paulik, Vaclav"]
[Result "1/2-1/2"]
[WhiteElo "2286"]
[BlackElo "2160"]
[PlyCount "153"]
[EventDate "2008.??.??"]
[EventType "corr"]

1. d4 d5 2. c4 e6 3. Nc3 c6 4. e3 Nf6 5. Nf3 Nbd7 6. Bd3 dxc4 7. Bxc4 b5 8. Bd3
Bb7 9. O-O a6 10. e4 b4 11. Na4 Be7 12. Bg5 h6 13. Bxf6 Bxf6 14. e5 Be7 15. Be4
O-O 16. Rc1 Rc8 17. Nd2 a5 18. Qe2 Nb6 19. Nc5 Bxc5 20. dxc5 Nd5 21. g3 a4 22.
a3 Ra8 23. Bd3 Qa5 24. h4 Ba6 25. Nc4 Qxc5 26. Qe4 g6 27. h5 Ne7 28. hxg6 Nxg6
29. Qg4 Kg7 30. Nd6 Qxe5 31. Nxf7 Qf6 32. Bxa6 Rxa6 33. Nd6 bxa3 34. bxa3 Kh7
35. Rce1 e5 36. Ne4 Qf5 37. Qxf5 Rxf5 38. Rb1 Rf7 39. Kg2 Kg7 40. Rfc1 h5 41.
Nc5 Raa7 42. Rb6 Ne7 43. Rb4 Nd5 44. Re4 Rfe7 45. Nd3 Rac7 46. Rxe5 Rxe5 47.
Nxe5 c5 48. Nc4 Kf6 49. Rh1 Rh7 50. Rh4 Ke7 51. Kf1 Rh6 52. Kg2 Rh7 53. Nb2 Nb6
54. Kf1 Kd6 55. g4 Ke6 56. Rxh5 Rxh5 57. gxh5 Kf5 58. Ke2 Kg5 59. Kd3 Kxh5 60.
Nc4 Nd7 61. Ne3 Nf6 62. Nd1 Kg5 63. Kc4 Ne4 64. Kb5 Kf4 65. Kxa4 Nd6 66. Kb3
Ke4 67. a4 Kd4 68. a5 Kd5 69. Ne3+ Kc6 70. Ka4 Ne4 71. f4 Nc3+ 72. Kb3 Ne2 73.
f5 Kb5 74. f6 Nd4+ 75. Kc3 Kxa5 76. Kc4 Ne6 77. f7 1/2-1/2

[Event "8MCR_4D_1L_2S"]
[Site "?"]
[Date "2008.??.??"]
[Round "?"]
[White "Kuta, Miroslav"]
[Black "Pecka, Josef"]
[Result "1-0"]
[WhiteElo "2286"]
[BlackElo "2292"]
[PlyCount "103"]
[EventDate "2008.??.??"]
[EventType "corr"]

1. d4 d5 2. c4 dxc4 3. Nf3 Nf6 4. e3 Bg4 5. Bxc4 e6 6. h3 Bh5 7. Nc3 a6 8. O-O
Nc6 9. Be2 Bd6 10. b3 Qe7 11. Bb2 Rd8 12. Nd2 Bg6 13. Bf3 e5 14. Bxc6+ bxc6 15.
dxe5 Bxe5 16. Qc1 O-O 17. Nc4 Bd6 18. Nxd6 cxd6 19. Ne2 c5 20. Nf4 Be4 21. Qc3
Ne8 22. b4 cxb4 23. Qxb4 Nc7 24. Qd4 f5 25. Rfd1 Rd7 26. Rac1 Bb7 27. Qc4+ Qf7
28. Ba3 Rfd8 29. Bb4 g5 30. Nh5 Ne8 31. Qe2 Qg6 32. Ba5 Ra8 33. Rd4 Rf7 34. Qd1
Rb8 35. Rb4 Qe6 36. Qd4 Qg6 37. Ng3 f4 38. Ne4 fxe3 39. Qxe3 Qe6 40. Rb2 g4 41.
hxg4 Qxg4 42. Rc4 Qe6 43. Qd4 Qh6 44. Rc3 Rg7 45. Re3 Rc8 46. Rxb7 Rxb7 47.
Qd5+ Rf7 48. Bd2 Qf8 49. Rf3 Qe7 50. Ng5 Nf6 51. Qxf7+ Qxf7 52. Nxf7 1-0

[Event "8MCR_4D_1L_2S"]
[Site "?"]
[Date "2008.??.??"]
[Round "?"]
[White "Kuta, Miroslav"]
[Black "Stika, Vaclav"]
[Result "1/2-1/2"]
[WhiteElo "2286"]
[BlackElo "2113"]
[PlyCount "77"]
[EventDate "2008.??.??"]
[EventType "corr"]

1. d4 d5 2. c4 c6 3. Nf3 Nf6 4. Nc3 e6 5. e3 Nbd7 6. Bd3 dxc4 7. Bxc4 b5 8. Bd3
Bb7 9. O-O a6 10. e4 c5 11. d5 Qc7 12. dxe6 fxe6 13. Bc2 Bd6 14. Ng5 Nf8 15. f4
O-O-O 16. Qe1 e5 17. Nd5 Nxd5 18. exd5 Bxd5 19. Bd2 Qe7 20. Ba5 Bc7 21. a4 b4
22. Bf5+ Kb8 23. Bxc7+ Qxc7 24. fxe5 Re8 25. e6 h6 26. Nf7 Rg8 27. Rd1 Bxe6 28.
Nd6 Re7 29. Qh4 Bb3 30. Rd2 Ne6 31. Qg3 Bxa4 32. Bxe6 Rxe6 33. Rf7 Re7 34. Rxe7
Qxe7 35. b3 Bc6 36. Nf5+ Qc7 37. Ne7 Qxg3 38. hxg3 Ba4 39. bxa4 1/2-1/2

[Event "8MCR_4D_1L_2S"]
[Site "?"]
[Date "2008.??.??"]
[Round "?"]
[White "Kuta, Miroslav"]
[Black "Toman, Antonin"]
[Result "1-0"]
[WhiteElo "2286"]
[BlackElo "2225"]
[PlyCount "43"]
[EventDate "2008.??.??"]
[EventType "corr"]

1. d4 d5 2. c4 Nc6 3. Nc3 dxc4 4. Nf3 Nf6 5. e4 Bg4 6. Be3 e6 7. Bxc4 Bb4 8.
Qc2 O-O 9. Rd1 Qe7 10. Be2 e5 11. d5 Nd4 12. Nxd4 exd4 13. Rxd4 Bxe2 14. Kxe2
Ng4 15. Nd1 Bc5 16. Rc4 Bd6 17. h3 b5 18. hxg4 bxc4 19. e5 f5 20. exd6 Qxd6 21.
Qxc4 fxg4 22. Rh4 1-0

[Event "8MCR_4D_1L_2S"]
[Site "?"]
[Date "2008.??.??"]
[Round "?"]
[White "Leiner, Raimund"]
[Black "Binas, Jindrich"]
[Result "1/2-1/2"]
[WhiteElo "2335"]
[BlackElo "2094"]
[PlyCount "55"]
[EventDate "2008.??.??"]
[EventType "corr"]

1. e4 c5 2. Nf3 Nc6 3. d4 cxd4 4. Nxd4 Nf6 5. Nc3 e5 6. Ndb5 d6 7. Bg5 a6 8.
Na3 b5 9. Bxf6 gxf6 10. Nd5 f5 11. Bd3 Be6 12. O-O Bxd5 13. exd5 Ne7 14. Nxb5
Bg7 15. Nc3 e4 16. Bc4 Ng6 17. Qd2 O-O 18. Rab1 Qh4 19. Be2 Qf4 20. Qxf4 Nxf4
21. g3 Bxc3 22. gxf4 Bd2 23. f3 Kg7 24. b4 Kf6 25. Kh1 Rab8 26. a3 a5 27. b5 a4
28. c4 1/2-1/2

[Event "8MCR_4D_1L_2S"]
[Site "?"]
[Date "2008.??.??"]
[Round "?"]
[White "Leiner, Raimund"]
[Black "Glaser, Karel"]
[Result "1-0"]
[WhiteElo "2335"]
[BlackElo "2161"]
[PlyCount "121"]
[EventDate "2008.??.??"]
[EventType "corr"]

1. e4 e5 2. Nf3 Nc6 3. Bb5 a6 4. Ba4 Nf6 5. O-O Be7 6. Re1 b5 7. Bb3 O-O 8. c3
d6 9. h3 Na5 10. Bc2 c5 11. d4 Qc7 12. Nbd2 cxd4 13. cxd4 Nc6 14. Nb3 a5 15.
Be3 a4 16. Nbd2 Bd7 17. Rc1 Rac8 18. Qe2 Qb8 19. Bd3 Nb4 20. Bb1 Rc6 21. Rxc6
Nxc6 22. d5 Na5 23. Rc1 Rc8 24. Rxc8+ Qxc8 25. Bd3 Qb8 26. Nf1 Bd8 27. Bd2 Qb6
28. Be3 Qb8 29. g4 h6 30. Ng3 Kh7 31. Kg2 b4 32. Qe1 Qb7 33. Bd2 b3 34. a3 Qc7
35. Bb4 Nb7 36. Qe3 Qb6 37. Nf5 Qc7 38. Ba6 Nc5 39. Bxc5 dxc5 40. Qd3 c4 41.
Qxc4 Bxf5 42. gxf5 Qxc4 43. Bxc4 Nxe4 44. Nxe5 Nd6 45. Ba6 Bg5 46. Kf1 Kg8 47.
Ke2 Bf6 48. f4 Nxf5 49. Nc4 Kf8 50. d6 Nd4+ 51. Ke3 Ne6 52. Bb5 Nc5 53. Ne5 g5
54. Kd4 gxf4 55. Kd5 h5 56. h4 Bg7 57. d7 Ne6 58. Bxa4 f3 59. Ng6+ Kg8 60. Bxb3
Bxb2 61. a4 1-0

[Event "8MCR_4D_1L_2S"]
[Site "?"]
[Date "2008.??.??"]
[Round "?"]
[White "Leiner, Raimund"]
[Black "Klimecky, Tomas"]
[Result "1-0"]
[WhiteElo "2335"]
[BlackElo "1744"]
[PlyCount "25"]
[EventDate "2008.??.??"]
[EventType "corr"]

1. e4 d5 2. exd5 Nf6 3. Bb5+ Bd7 4. Bc4 Bg4 5. f3 Bf5 6. Nc3 Nbd7 7. d4 Nb6 8.
Bb5+ Bd7 9. Bd3 Nbxd5 10. Nge2 e6 11. Nxd5 Nxd5 12. O-O c5 13. c4 1-0

[Event "8MCR_4D_1L_2S"]
[Site "?"]
[Date "2008.??.??"]
[Round "?"]
[White "Leiner, Raimund"]
[Black "Krouzel, Jaroslav"]
[Result "1/2-1/2"]
[WhiteElo "2335"]
[BlackElo "2270"]
[PlyCount "53"]
[EventDate "2008.??.??"]
[EventType "corr"]

1. d4 d5 2. c4 e6 3. Nc3 c6 4. e3 Nf6 5. Nf3 Nbd7 6. Bd3 Bd6 7. O-O O-O 8. Qc2
dxc4 9. Bxc4 e5 10. Bb3 Qc7 11. Bd2 exd4 12. exd4 Nb6 13. Rfe1 Bf4 14. h3 Bxd2
15. Qxd2 Bf5 16. Re5 Bg6 17. Rae1 Rad8 18. Qc1 Qd6 19. a3 Nbd7 20. Qg5 Kh8 21.
R5e3 a6 22. Ba2 h6 23. Qh4 Nb6 24. Re7 Nbd7 25. R7e2 Nb6 26. Re7 Nbd7 27. R7e2
1/2-1/2

[Event "8MCR_4D_1L_2S"]
[Site "?"]
[Date "2008.??.??"]
[Round "?"]
[White "Leiner, Raimund"]
[Black "Kuta, Miroslav"]
[Result "1/2-1/2"]
[WhiteElo "2335"]
[BlackElo "2286"]
[PlyCount "59"]
[EventDate "2008.??.??"]
[EventType "corr"]

1. e4 c6 2. d4 d5 3. Nc3 dxe4 4. Nxe4 Nd7 5. Bc4 Ngf6 6. Ng5 e6 7. Qe2 Nb6 8.
Bd3 h6 9. N5f3 c5 10. dxc5 Bxc5 11. Ne5 Nbd7 12. Ngf3 Nxe5 13. Nxe5 O-O 14. O-O
b6 15. Bf4 Bb7 16. Rad1 Qe7 17. c3 Rfd8 18. Rd2 a6 19. Rfd1 b5 20. c4 bxc4 21.
Nxc4 a5 22. Be5 a4 23. Bc2 Rd5 24. h3 Ba6 25. Bd3 Rad8 26. Bc3 Bb4 27. Nb6 Rxd3
28. Rxd3 Bxd3 29. Rxd3 Bxc3 30. Rxc3 1/2-1/2

[Event "8MCR_4D_1L_2S"]
[Site "?"]
[Date "2008.??.??"]
[Round "?"]
[White "Leiner, Raimund"]
[Black "Riha, Jan"]
[Result "1/2-1/2"]
[WhiteElo "2335"]
[BlackElo "2266"]
[PlyCount "63"]
[EventDate "2008.??.??"]
[EventType "corr"]

1. d4 Nf6 2. Nf3 g6 3. Bf4 Bg7 4. Nc3 d5 5. e3 O-O 6. Be2 c5 7. O-O cxd4 8.
exd4 Nc6 9. Ne5 Qb6 10. Nxc6 Qxc6 11. Re1 a6 12. Bf3 Be6 13. a4 b6 14. a5 b5
15. Na2 Qd7 16. h3 Ne4 17. Nb4 f5 18. c3 Bf7 19. Nd3 Rac8 20. Be2 Qa7 21. f3
Nd6 22. Bf1 Rfe8 23. Be5 Bh6 24. Qe2 Nc4 25. Qf2 Nxe5 26. Nxe5 Qc7 27. f4 Bg7
28. Re3 e6 29. g4 Qd6 30. g5 Bxe5 31. fxe5 Qe7 32. h4 1/2-1/2

[Event "8MCR_4D_1L_2S"]
[Site "?"]
[Date "2008.??.??"]
[Round "?"]
[White "Leiner, Raimund"]
[Black "Struzka, Vlastimil"]
[Result "1/2-1/2"]
[WhiteElo "2335"]
[BlackElo "2117"]
[PlyCount "115"]
[EventDate "2008.??.??"]
[EventType "corr"]

1. e4 e5 2. Nf3 Nc6 3. Bb5 a6 4. Ba4 Nf6 5. O-O Be7 6. Re1 b5 7. Bb3 d6 8. c3
Na5 9. Bc2 c5 10. d4 Qc7 11. Nbd2 cxd4 12. cxd4 O-O 13. Nf1 Bg4 14. Ne3 Bxf3
15. Qxf3 exd4 16. Nf5 Rfe8 17. Qg3 g6 18. Nxe7+ Rxe7 19. Bd3 Rae8 20. f3 d5 21.
Qxc7 Rxc7 22. Bg5 Kg7 23. exd5 Rxe1+ 24. Rxe1 Rd7 25. Rc1 Nxd5 26. Bd2 Nb7 27.
Be4 Kf6 28. Rc6+ Ke5 29. Kf1 Ne7 30. Rxa6 Nc5 31. Rb6 Nxe4 32. Rxb5+ Nd5 33.
fxe4 Kxe4 34. a4 Kd3 35. Ke1 f5 36. a5 Re7+ 37. Kd1 Kc4 38. Rb8 f4 39. g3 Ne3+
40. Ke2 Ng4+ 41. Kf3 Nxh2+ 42. Kxf4 Nf1 43. b3+ Kd3 44. Bb4 Ra7 45. Ke5 Nxg3
46. Kd5 h5 47. Kc5 Rh7 48. a6 h4 49. Rb7 Rh5+ 50. Kb6 h3 51. a7 h2 52. a8=Q
h1=Q 53. Qa6+ Ke3 54. Re7+ Ne4 55. Qc4 Qb1 56. Bd2+ Kxd2 57. Qxd4+ Qd3 58. Rxe4
1/2-1/2

[Event "8MCR_4D_1L_2S"]
[Site "?"]
[Date "2008.??.??"]
[Round "?"]
[White "Mikoska, Josef"]
[Black "Hostinsky, Jiri"]
[Result "0-1"]
[WhiteElo "2211"]
[BlackElo "2377"]
[PlyCount "82"]
[EventDate "2008.??.??"]
[EventType "corr"]

1. e4 c5 2. Nf3 Nc6 3. d4 cxd4 4. Nxd4 Nf6 5. Nc3 d6 6. Bg5 e6 7. Qd2 Be7 8.
O-O-O O-O 9. f4 Nxd4 10. Qxd4 Qa5 11. Kb1 h6 12. h4 Rd8 13. Bd3 Bd7 14. e5 dxe5
15. fxe5 Bc6 16. Qf4 Rxd3 17. Rxd3 Nh5 18. Qf2 hxg5 19. hxg5 Qxe5 20. Rxh5 g6
21. Rh1 Bxg5 22. Rf1 Rf8 23. Re1 Qf4 24. Qxa7 Bxg2 25. Red1 Bf6 26. Qg1 Bc6 27.
Rf1 Qh4 28. Qb6 Kg7 29. a3 Rd8 30. Rxd8 Bxd8 31. Qe3 Bf6 32. Rd1 Qg4 33. Qd2
Qf5 34. Qe3 Qe5 35. Qd2 g5 36. Rg1 Bf3 37. Qf2 Qf5 38. Re1 g4 39. Qe3 Kg6 40.
Nd1 Bg5 41. Qg1 f6 0-1

[Event "8MCR_4D_1L_2S"]
[Site "?"]
[Date "2008.??.??"]
[Round "?"]
[White "Mikoska, Josef"]
[Black "Krouzel, Jaroslav"]
[Result "1/2-1/2"]
[WhiteElo "2211"]
[BlackElo "2270"]
[PlyCount "84"]
[EventDate "2008.??.??"]
[EventType "corr"]

1. e4 e6 2. d4 d5 3. e5 c5 4. c3 Nc6 5. Nf3 Qb6 6. a3 c4 7. Nbd2 Na5 8. g3 Bd7
9. h4 Ne7 10. Bg2 h6 11. h5 O-O-O 12. Rb1 Kb8 13. Nf1 Qb3 14. Qxb3 cxb3 15. Bf4
Bb5 16. Ne3 Nc8 17. Bf1 Bxf1 18. Kxf1 Nb6 19. Nd2 Rc8 20. Ke2 Na4 21. Nd1 Be7
22. f3 Rc6 23. Re1 Rhc8 24. Kf1 b5 25. Kg2 Nb6 26. Ne3 Kb7 27. Nd1 a6 28. Kf1
Nbc4 29. Nxc4 Nxc4 30. Bc1 a5 31. Nf2 b4 32. axb4 axb4 33. cxb4 Bxb4 34. Rd1
Ra8 35. Nd3 Be7 36. Bf4 g5 37. hxg6 fxg6 38. Bxh6 g5 39. Kf2 Ra2 40. f4 g4 41.
f5 exf5 42. Bf4 Ba3 1/2-1/2

[Event "8MCR_4D_1L_2S"]
[Site "?"]
[Date "2008.??.??"]
[Round "?"]
[White "Mikoska, Josef"]
[Black "Kudr, Roman"]
[Result "1/2-1/2"]
[WhiteElo "2211"]
[BlackElo "2182"]
[PlyCount "91"]
[EventDate "2008.??.??"]
[EventType "corr"]

1. e4 e5 2. Nf3 Nc6 3. Bb5 a6 4. Ba4 Nf6 5. O-O Be7 6. Re1 b5 7. Bb3 d6 8. c3
O-O 9. h3 Na5 10. Bc2 c5 11. d4 Qc7 12. Nbd2 cxd4 13. cxd4 Nc6 14. Nb3 a5 15.
Be3 a4 16. Nbd2 Bd7 17. Rc1 Qb7 18. Qe2 Rfc8 19. Bb1 Rc7 20. d5 Nb4 21. Rxc7
Qxc7 22. Nf1 Rc8 23. Rc1 Qb8 24. Rxc8+ Qxc8 25. Ng3 Bd8 26. Bd2 Na6 27. b4 axb3
28. axb3 Nc5 29. b4 Na4 30. Bd3 Qa6 31. Bc1 Nb6 32. Qc2 g6 33. Qb1 Nc4 34. Qc2
Bb6 35. Bg5 Ne8 36. Ne2 Qa1+ 37. Bc1 Nf6 38. Nc3 Nh5 39. Na2 Kg7 40. Kh2 Nf4
41. Bf1 h6 42. g3 Nh5 43. Kg2 Nf6 44. Bd3 h5 45. Ng5 Bd4 46. Be2 1/2-1/2

[Event "8MCR_4D_1L_2S"]
[Site "?"]
[Date "2008.??.??"]
[Round "?"]
[White "Mikoska, Josef"]
[Black "Leiner, Raimund"]
[Result "1/2-1/2"]
[WhiteElo "2211"]
[BlackElo "2335"]
[PlyCount "132"]
[EventDate "2008.??.??"]
[EventType "corr"]

1. e4 c5 2. Nf3 d6 3. d4 cxd4 4. Nxd4 Nf6 5. Nc3 a6 6. Be3 e5 7. Nb3 Be6 8. Qd2
Be7 9. f3 Nbd7 10. g4 h6 11. O-O-O b5 12. Kb1 Qc7 13. h4 Nb6 14. Qf2 Rb8 15.
Rh2 b4 16. Bxb6 Qxb6 17. Qxb6 Rxb6 18. Na4 Rc6 19. Na5 Rc7 20. Nb6 Rc5 21. Nb3
Rc6 22. Nd5 Bxd5 23. exd5 Rb6 24. Na5 g6 25. Bc4 Kf8 26. Nc6 Nd7 27. Re1 Bf6
28. Re3 Nc5 29. a3 a5 30. Be2 bxa3 31. Rxa3 e4 32. b3 Bc3 33. fxe4 Nxe4 34.
Nxa5 Kg7 35. Nc4 Rb5 36. Ne3 Bd4 37. Nd1 Rxd5 38. Kc1 Be5 39. Rg2 Rd4 40. Ra4
Rxa4 41. bxa4 Nc5 42. Bb5 Ra8 43. Nb2 Bxb2+ 44. Kxb2 Nxa4+ 45. Kb3 Nc5+ 46. Kc4
Kf6 47. Bc6 Ra1 48. Bd5 Ne6 49. Kb5 Ke5 50. c4 Nf4 51. Rd2 f5 52. gxf5 gxf5 53.
Kc6 Ra6+ 54. Kd7 Ra3 55. Bb7 Rd3 56. Ra2 d5 57. Ra5 Rd4 58. Ba6 Nh5 59. Ke8
Nf6+ 60. Kf7 Rxh4 61. cxd5 Nxd5 62. Be2 Rd4 63. Kg6 Ke4 64. Kxh6 f4 65. Ra3 Ne3
66. Ra8 Nf5+ 1/2-1/2

[Event "8MCR_4D_1L_2S"]
[Site "?"]
[Date "2008.??.??"]
[Round "?"]
[White "Mikoska, Josef"]
[Black "Paulik, Vaclav"]
[Result "1/2-1/2"]
[WhiteElo "2211"]
[BlackElo "2160"]
[PlyCount "57"]
[EventDate "2008.??.??"]
[EventType "corr"]

1. e4 e5 2. Nf3 Nc6 3. c4 Nf6 4. Nc3 Bc5 5. Nxe5 Nxe5 6. d4 Bb4 7. dxe5 Nxe4 8.
Qd4 Nxc3 9. bxc3 Be7 10. Qg4 Kf8 11. Qh5 d6 12. Bf4 dxe5 13. Bxe5 f6 14. Rd1
Qe8 15. Qxe8+ Kxe8 16. Bxc7 Be6 17. Bd6 Rc8 18. f4 Bxd6 19. Rxd6 Ke7 20. Rd2
Bxc4 21. Bd3 Be6 22. f5 Bf7 23. Re2+ Kd6 24. Kd2 Rhe8 25. Rxe8 Rxe8 26. Rb1 b6
27. Rb4 Re7 28. a3 Bd5 29. g3 1/2-1/2

[Event "8MCR_4D_1L_2S"]
[Site "?"]
[Date "2008.??.??"]
[Round "?"]
[White "Mikoska, Josef"]
[Black "Riha, Jan"]
[Result "1/2-1/2"]
[WhiteElo "2211"]
[BlackElo "2266"]
[PlyCount "54"]
[EventDate "2008.??.??"]
[EventType "corr"]

1. e4 e5 2. Nf3 Nf6 3. d4 Nxe4 4. Bd3 d5 5. Nxe5 Nd7 6. Nxd7 Bxd7 7. O-O Bd6 8.
c4 c6 9. cxd5 cxd5 10. Qh5 O-O 11. Qxd5 Bc6 12. Qh5 g6 13. Qh3 Ng5 14. Qh6 Ne6
15. Be3 Qf6 16. Nc3 Nxd4 17. f3 Nf5 18. Bxf5 Qxf5 19. Rad1 Rfd8 20. Qh4 Rd7 21.
Ne4 Be7 22. Bg5 Bxg5 23. Nxg5 h5 24. Ne4 Rxd1 25. Rxd1 Bxe4 26. Qxe4 Qxe4 27.
fxe4 Rc8 1/2-1/2

[Event "8MCR_4D_1L_2S"]
[Site "?"]
[Date "2008.??.??"]
[Round "?"]
[White "Mikoska, Josef"]
[Black "Stika, Vaclav"]
[Result "1-0"]
[WhiteElo "2211"]
[BlackElo "2113"]
[PlyCount "99"]
[EventDate "2008.??.??"]
[EventType "corr"]

1. e4 e5 2. Nf3 Nc6 3. Bb5 a6 4. Ba4 Nf6 5. O-O Be7 6. Re1 b5 7. Bb3 O-O 8. c3
d6 9. h3 Na5 10. Bc2 c5 11. d4 Qc7 12. Nbd2 cxd4 13. cxd4 Bb7 14. d5 Rac8 15.
Bd3 Nd7 16. Nf1 f5 17. exf5 Bxd5 18. Ng5 Bxg5 19. Bxg5 Nc4 20. Bxc4 Bxc4 21.
Ng3 Nb8 22. Rc1 Nc6 23. b3 Bf7 24. f6 g6 25. Qg4 Qd8 26. Ne4 d5 27. Qh4 h5 28.
Ng3 Re8 29. Bh6 Nd4 30. Qg5 Ne6 31. Qxe5 Rxc1 32. Rxc1 h4 33. Nf1 Qb6 34. Ne3
Nd4 35. Qc7 Qxc7 36. Rxc7 Nf5 37. Ng4 Re1+ 38. Kh2 d4 39. Ra7 Re6 40. Ra8+ Be8
41. Bg5 Kf8 42. a3 d3 43. Bd2 Kf7 44. Rd8 Nd6 45. f3 Nf5 46. Bf4 b4 47. a4 Re2
48. Ne5+ Kxf6 49. Rxe8 Nd4 50. Rf8+ 1-0

[Event "8MCR_4D_1L_2S"]
[Site "?"]
[Date "2008.??.??"]
[Round "?"]
[White "Paulik, Vaclav"]
[Black "Binas, Jindrich"]
[Result "1/2-1/2"]
[WhiteElo "2160"]
[BlackElo "2094"]
[PlyCount "64"]
[EventDate "2008.??.??"]
[EventType "corr"]

1. e4 c5 2. Nf3 Nc6 3. d4 cxd4 4. Nxd4 Nf6 5. Nc3 e5 6. Ndb5 d6 7. Bg5 a6 8.
Na3 b5 9. Bxf6 gxf6 10. Nd5 f5 11. c3 Bg7 12. exf5 Bxf5 13. Nc2 Be6 14. g3 O-O
15. Bg2 a5 16. O-O f5 17. Qe2 Rb8 18. Rfd1 Kh8 19. Rd2 e4 20. Nf4 Bc4 21. Qh5
Ne7 22. Ne3 Be5 23. Nxc4 Bxf4 24. Ne3 Bxe3 25. fxe3 d5 26. a3 Qb6 27. Re1 b4
28. cxb4 axb4 29. Qg5 Qd6 30. axb4 Rxb4 31. Ra1 h6 32. Qf4 Qxf4 1/2-1/2

[Event "8MCR_4D_1L_2S"]
[Site "?"]
[Date "2008.??.??"]
[Round "?"]
[White "Paulik, Vaclav"]
[Black "Glaser, Karel"]
[Result "1/2-1/2"]
[WhiteElo "2160"]
[BlackElo "2161"]
[PlyCount "85"]
[EventDate "2008.??.??"]
[EventType "corr"]

1. e4 e5 2. Nf3 Nc6 3. Bb5 a6 4. Ba4 Nf6 5. O-O Be7 6. Re1 b5 7. Bb3 O-O 8. a4
b4 9. d3 d6 10. a5 Rb8 11. Nbd2 Be6 12. Nc4 Qc8 13. h3 Nd7 14. Be3 Bf6 15. Ba4
Qb7 16. Qe2 Rfd8 17. Ncd2 Nd4 18. Bxd4 exd4 19. Bb3 Re8 20. Qd1 Nc5 21. Bxe6
Rxe6 22. b3 Nd7 23. Nc4 Qb5 24. Qd2 Qc5 25. Qf4 Ne5 26. Nfxe5 Bxe5 27. Qh4 Rh6
28. Qg4 Rg6 29. Qf5 Rf6 30. Qg4 Qb5 31. Rf1 Rf4 32. Qe2 Rh4 33. Ra4 Qc5 34. Qd1
Re8 35. Nd2 Bf6 36. f4 Be7 37. Nf3 Rxf4 38. Qd2 Rf6 39. Qxb4 Qxc2 40. Qc4 Qxc4
41. bxc4 c5 42. Rb1 Kf8 43. Rb6 1/2-1/2